000 00659nas a2200217 4500
001 BR7700389
003 BR-BrBNA
005 20231205083037.0
007 ta
008 230509b bl.|||p| |||| 00| 00por d
040 _aBR-BrBNA
_bpor
_cBiblioteca Nacional de Agricultura
041 _a(Pt)
072 _aQ20
100 1 _aVargas, O.L.
245 1 _aPrioridades de pesquisa sobre qualidade de leite no Brasil
650 _aLEITE
650 _aCONTROLE DE QUALIDADE
773 0 _tRevista do Instituto de Laticinios Candido Tostes (Brazil)
_x
_g(Jan 1976), v. 31(183) p. 3-17
_wBR7700389
909 _a202311
_bLúcia
_c55
_dLúcia Elande
942 _2AGRIS
_n0
_cANA
999 _c95980
_d95980